G20 Countries - Sudden Death - Statistics

General Stats
  • This quiz has been taken 109 times
  • The average score is 14 of 19
Answers on the Grid
Answers color-coded by a green-red scale on the quiz's grid according to % correct below.
Argentina
Australia
Austria
Belgium
Brazil
Canada
Chile
China
France
Germany
India
Indonesia
Iran
Ireland
Italy
Japan
Kenya
Mexico
Netherlands
Nigeria
Peru
Portugal
Russia
Saudi Arabia
South Africa
South Korea
Sweden
Turkey
United Kingdom
United States
 
Answer Stats
Answer % Correct
Australia
96%
Canada
96%
France
88%
Germany
88%
United Kingdom
88%
United States
88%
Japan
85%
Brazil
81%
India
81%
Italy
81%
China
77%
South Korea
73%
Mexico
65%
South Africa
65%
Argentina
62%
Indonesia
58%
Russia
58%
Saudi Arabia
58%
Turkey
54%
No matching quizzes found
Score Distribution
Percent of People with Each Score
Percentile by Number Answered
Your Score History
You have not taken this quiz